| 000 | 00788cam a22002291 4500 | ||
|---|---|---|---|
| 001 | med47000149 | ||
| 003 | DLC | ||
| 005 | 20260227111558.0 | ||
| 008 | 810815s1946 xx 000 0 eng | ||
| 010 | _amed47000149 | ||
| 035 | _a(OCoLC)14725323 | ||
| 040 |
_aDLC _cDNLM _dDLC |
||
| 042 | _apremarc | ||
| 050 | 0 | 0 |
_aPN4181 _b.H25 vol. 1 |
| 060 | 0 |
_aW 275 _bAA1 M68h 1946 |
|
| 100 | 1 |
_aMitchell, Harland B., _d1907- |
|
| 245 | 1 | 0 |
_a"Here's the question," resolved: _bThat the federal government should provide a system of complete medical care available to all citizens at public expense. _cBy H. B. Mitchell and Keith D. Marshall ... |
| 260 |
_aSeminole, Okl., _cc1946. |
||
| 300 | _a113 p. | ||
| 440 | 0 |
_a"A handbook for debaters," _vv. 1 |
|
| 700 | 1 |
_aMarshall, Keith Dayton, _d1920- |
|
| 999 |
_c37981 _d37981 |
||